Estatísticas para Os 15 principais países com mortes por Covid19 - 1º de setembro 2022

Clique aqui para jogar o quiz

Estatísticas Gerais

  • Esse quiz foi jogado 27 vezes
  • A pontuação média é 13 de 27

Estatísticas das Respostas

país% Correto
Brasil
100%
Estados Unidos
100%
Itália
96%
México
96%
Argentina
92%
Rússia
92%
Alemanha
83%
Índia
83%
Reino Unido
71%
Colômbia
67%
França
67%
Irão
54%
Peru
50%
Polônia
50%
Indonésia
46%
Hungria
21%
Croácia
17%
Eslováquia
17%
Eslovénia
17%
Romênia
17%
Bulgária
13%
Chéquia
13%
Bósnia e Herzegovina
8%
Letónia
8%
Macedónia do Norte
8%
Lituânia
4%
Geórgia
0%

Distribuição das Pontuações

Percentil de Números Respondidos

Porcentagem de Pessoas com Cada Pontuação

Sua Pontuação Histórica

Você não jogou esse quiz